LEADER 01466nam 2200361Ia 450 001 996397281403316 005 20221108074914.0 035 $a(CKB)4940000000060310 035 $a(EEBO)2240927555 035 $a(OCoLC)9920193100971 035 $a(EXLCZ)994940000000060310 100 $a19890818d1619 uy | 101 0 $aeng 135 $aurbn||||a|bb| 200 10$aBy the King, a proclamation declaring His Maiesties pleasure concerning the dissoluing of the present conuention of Parliament$b[electronic resource] 210 $aImprinted at London $cBy Bonham Norton and Iohn Bill ...$dM.DC.XXI [1621] 215 $a3, [1] p 300 $aCaption title. 300 $a"Giuen at our palace at Westminster, the sixth day of Ianuary, in the nineteenth yeere of our raigne ..."--P. [4]. 300 $aImprint from colophon. 300 $aReproduction of original in the Henry E. Huntington Library and Art Gallery. 330 $aeebo-0113 606 $aProclamations$zGreat Britain 607 $aGreat Britain$xHistory$yJames I, 1603-1625 607 $aGreat Britain$xPolitics and government$y1603-1625 615 0$aProclamations 701 $aJames$cKing of England,$f1566-1625.$01001019 801 1$bEBK 801 2$bWaOLN 906 $aBOOK 912 $a996397281403316 996 $aBy the King. A proclamation declaring his Maiesties pleasure concerning the dissoluing of the present conuention of Parliament$92329421 997 $aUNISA